000 00423nam a22001337a 4500
008 241121b |||||||| |||| 00| 0 eng d
020 _a9781472438072
100 _aSchneiker, Andrea.
245 _aHunamitarian NGOs, (In) security and identity :
_bepistemic communities and security governance.
260 _aLondon :
_bAshgate Publishing Limited,
_c2015.
300 _axi, 63 p. ;
_c26 cm.
650 _2NGO.
942 _2ddc
999 _c10161
_d10162